Riconosci il Pokémon - Quiz n°879 - Statistics

Statistiche generali
  • Questo quiz è stato fatto 5 volte
  • Il punteggio medio è 6 su 10
Statistiche sulle risposte
Indizio Risposta % Corretto
Tipo Coleottero / Roccia
100%
Stadio evoluzione Non si evolve
100%
Generazione Seconda
100%
Altezza 0,6 m
50%
Peso 20,5 kg
50%
Sesso 50% ♂, 50% ♀
50%
Abilità Vigore; Voracità; Inversione
50%
Tasso di cattura 190 (35.2%)
25%
Tasso di allevamento Medio-Lento
25%
Pokémon Shuckle
25%
Nessun quiz corrispondente trovato
Distribuzione punteggi
Percentuale di utenti per punteggio
Percentile per numero di risposta
I tuoi punteggi nel tempo
Non hai fatto questo quiz